| 000 -ლიდერი |
| ფიქსირებული სიგრძის საკონტროლო ველი |
01285nam a22002177a 4500 |
| 003 - საკონტროლო ნომრის იდენტიფიკატორი |
| საკონტროლო ველი |
Ge_BSU |
| 005 - ბოლო ოპერაციის თარიღი და დრო |
| საკონტროლო ველი |
20230706143301.0 |
| 008 - ფიქსირებული სიგრძის მონაცემთა ელემენტები - ზოგადი ინფორმაცია |
| ფიქსირებული სიგრძის საკონტროლო ველი |
230705s2009ge xxu||||| |||| 00| 0 geo d |
| 020 ## - წიგნის საერთაშორისო სტანდარტული ნომერი |
| International Standard Book Number |
9789941400728 |
| 041 ## - ენის კოდი |
| Language code of text/sound track or separate title |
geo |
| 080 ## - უნივერსალური ათობითი კლასიფიკაციის ინდექსი |
| Universal Decimal Classification number |
159.923.2 გ-97 |
| 100 ## - მთავარი ჩანაწერი - პიროვნების სახელი |
| Personal name |
გურჯიევი, გ. (გიორგი) |
| 9 (RLIN) |
19162 |
| 245 ## - ცნობა სათაურის შესახებ |
| Title |
ცხოვრება რეალურია მხოლოდ მაშინ, როცა "მე ვარ" / |
| Remainder of title |
გიორგი გურჯიევი ; [ქართ. თარგმანი მზია ქურცაძე; რედ. და კომენტარები ლევან ხეთაგურის. |
| 264 ## - წარმოების, გამოცემის, დისტრიბუციის და სხვა ცნობები |
| გამოცემის, წარმოების, დისტრიბუციის... ადგილი |
თბილისი : |
| გამოცემის, წარმოების, დისტრიბუციის... სახელწოდება |
საქ. შოთა რუსთაველის თეატრისა და კინოს სახელმწ. უნ-ტი, |
| გამოცემის, წარმოების, დისტრიბუციის... თარიღი |
2009. |
| 300 ## - ფიზიკური აღწერა |
| Extent |
169 გვ. : |
| Other physical details |
ილ. ; |
| Dimensions |
20 სმ. |
| 653 ## - INDEX TERM--UNCONTROLLED |
| Uncontrolled term |
პიროვნების ფსიქოლოგია |
| 653 ## - INDEX TERM--UNCONTROLLED |
| Uncontrolled term |
მე და საზოგადოება |
| 700 ## - ADDED ENTRY--PERSONAL NAME |
| Personal name |
ქურცაძე, მზია |
| Relator term |
მთარგმნელი |
| 9 (RLIN) |
19163 |
| 700 ## - ADDED ENTRY--PERSONAL NAME |
| Personal name |
ხეთაგური,ლევან |
| Relator term |
რედაქტორი და სხვ |
| 9 (RLIN) |
19164 |
| 942 ## - ADDED ENTRY ELEMENTS (KOHA) |
| Source of classification or shelving scheme |
|
| Koha item type |
წიგნი |